Enseñar léxico en el aula de español. El poder de las palabras.

Uloženo v:
Podrobná bibliografie
Hlavní autor: Herrera Luque, Francisco (dirección)
Médium: Neznámo
Vydáno: Barcelona, España: Difusión, 2017.
Edice:Cuadernos de didáctica
Témata:
Tagy: Přidat tag
Žádné tagy, Buďte první, kdo vytvoří štítek k tomuto záznamu!

MARC

LEADER 00000 a2200000 4500
003 CL-VaPUC
005 20240807104614.0
008 240717t2017 ||||| |||| 00| 0 eng d
999 |c 443884  |d 443882 
020 |a 978-84-16943-88-3 
040 |c Pontificia Universidad Católica de Valparaíso 
082 7 |2 22  |a 401.4 HER 2017 
100 |a Herrera Luque, Francisco  |9 890182  |e dirección 
245 |a Enseñar léxico en el aula de español.  |b El poder de las palabras. 
260 |a Barcelona, España:  |b Difusión,  |c 2017. 
300 |a 200 páginas 
490 |a Cuadernos de didáctica 
583 |k GC  |c 20240717 
650 0 |9 314728  |a Lengua española  |x Enseñanza  |x Léxico 
650 0 |9 890126  |a Spanish language  |x Study and teaching  |x Lexicology 
942 |2 ddc  |c BK 
952 |0 0  |1 0  |2 ddc  |4 0  |6 401_400000000000000_HER_2017  |7 0  |8 A  |9 595585  |a BIBGIM  |b BIBGIM  |d 2024-07-12  |e 13  |g 44375.00  |i 5662225  |o 401.4 HER 2017  |p 5662225  |r 2025-01-15  |t 1  |v 44375.00  |w 2024-07-12  |y BK  |k ELE